000 01213nam a2200241Ia 4500
003 GCL
008 140319s9999 xx 000 0 ara d
020 _a7340279977
040 _aGCL /
_cGCL
082 0 4 _aم
_b341.5
_bم م
100 1 _aمحمد صادق صبور
245 1 0 _aموسوعة مناطق الصراع فى العالم :
_bالمجلد الاول ( الصراع فى الشرق الاوسط والعالم العربى ) - المجلد الثانى ( النقاط الساخنة فى اوروبا وامريكا اللاتينية ) - المجلد الثالث ( مناطق الصراع فى افريقيا ) - المجلد الرابع ( نقاط الاشتعال فى اسي /
_cمحمد صادق صبور
250 _aالاولى
260 _aالقاهرة :
_bدار الامين للنشر والتوزيع ،
_c2002
300 _aمتعدد ؛
_c24 سم
650 0 4 _aالنزاع العربى الاسرائيلى
650 0 4 _aالارهاب
650 0 4 _aالمنازعات الدولية
650 0 4 _aالتسوية السلمية للمنازعات الدولية
650 0 4 _aالارهاب الدولى
650 0 4 _aالارهاب - اوروبا
942 _2ddc
_cBK
999 _c5472
_d5472